Logika, algebry a grafy /

Saved in:
Bibliographic Details
Main Authors: Kolář, Josef (Author), Štěpánková, Olga (Author), Chytil, Michal (Author)
Format: Book
Published: Praha : SNTL, 1989
Tags: Add Tag
No Tags, Be the first to tag this record!

MARC

LEADER 00000nam a22000003a 4500
001 stu14735
005 20150617225757.3
008 ------s1989----cs----------------------d
040 |a STU  |b slo 
041 0
044 |a cs 
080 |a 519.68 
100 1 |a Kolář, Josef  |4 aut 
245 1 |a Logika, algebry a grafy /  |c [aut.]Kolář,Josef, Štěpánková,Olga, Chytil,Michal 
260 |a Praha :  |b SNTL,  |c 1989 
300 |a 434 s :  |b Lit.,index 
700 1 |a Štěpánková, Olga  |4 aut 
700 1 |a Chytil, Michal  |4 aut 
996 |b C84124  |c C*84124  |l CCXX  |s P  |a 0  |w stu14735_0001 
996 |b C84256  |c C*84256  |l CCV  |s P  |a 0  |w stu14735_0002